<?xml version="1.0" encoding="UTF-8"?>
<collection xmlns="http://www.loc.gov/MARC21/slim">
 <record>
  <leader>01130nam a2200337   4500</leader>
  <controlfield tag="001">DLU140159664</controlfield>
  <controlfield tag="005">##20140214</controlfield>
  <datafield tag="040" ind1="#" ind2="#">
   <subfield code="a">DLU</subfield>
   <subfield code="b">vie</subfield>
  </datafield>
  <datafield tag="041" ind1="#" ind2="#">
   <subfield code="a">vie</subfield>
  </datafield>
  <datafield tag="044" ind1="#" ind2="#">
   <subfield code="a">vn</subfield>
  </datafield>
  <datafield tag="082" ind1="#" ind2="#">
   <subfield code="a">895.922 3</subfield>
   <subfield code="b">Tra</subfield>
  </datafield>
  <datafield tag="245" ind1="#" ind2="#">
   <subfield code="a">Trần Quang Nghiệp - Cuộc đời và tác phẩm :</subfield>
   <subfield code="b">Nhà văn điển hình của văn học Nam Bộ đầu thế kỷ XX /</subfield>
   <subfield code="c">Cao Xuân Mỹ, Phạm Thị Phương Linh sưu tầm, biên soạn; Hoàng Như Mai giới thiệu.</subfield>
  </datafield>
  <datafield tag="260" ind1="#" ind2="#">
   <subfield code="a">H. :</subfield>
   <subfield code="b">Văn học,</subfield>
   <subfield code="c">2012.</subfield>
  </datafield>
  <datafield tag="300" ind1="#" ind2="#">
   <subfield code="a">591 tr. :</subfield>
   <subfield code="b">ảnh ;</subfield>
   <subfield code="c">24 cm.</subfield>
  </datafield>
  <datafield tag="600" ind1="#" ind2="#">
   <subfield code="a">Trần Quang Nghiệp,</subfield>
   <subfield code="d">1907-1983.</subfield>
  </datafield>
  <datafield tag="650" ind1="#" ind2="#">
   <subfield code="a">Nhà văn Việt Nam</subfield>
   <subfield code="y">Thế kỷ 20</subfield>
   <subfield code="v">Tiểu sử.</subfield>
  </datafield>
  <datafield tag="650" ind1="#" ind2="#">
   <subfield code="a">Nhà văn Việt Nam</subfield>
   <subfield code="y">Thế kỷ 20.</subfield>
  </datafield>
  <datafield tag="700" ind1="#" ind2="#">
   <subfield code="a">Cao Xuân Mỹ,</subfield>
   <subfield code="e">sưu tầm, biên soạn.</subfield>
  </datafield>
  <datafield tag="700" ind1="#" ind2="#">
   <subfield code="a">Hoàng Như Mai,</subfield>
   <subfield code="e">giới thiệu.</subfield>
  </datafield>
  <datafield tag="700" ind1="#" ind2="#">
   <subfield code="a">Phạm Thị Phương Linh,</subfield>
   <subfield code="e">sưu tầm, biên soạn.</subfield>
  </datafield>
  <datafield tag="923" ind1="#" ind2="#">
   <subfield code="a">06/2013</subfield>
  </datafield>
  <datafield tag="991" ind1="#" ind2="#">
   <subfield code="a">SH</subfield>
  </datafield>
  <datafield tag="992" ind1="#" ind2="#">
   <subfield code="a">142000</subfield>
  </datafield>
  <datafield tag="994" ind1="#" ind2="#">
   <subfield code="a">DLU</subfield>
  </datafield>
  <datafield tag="900" ind1="#" ind2="#">
   <subfield code="a">True</subfield>
  </datafield>
  <datafield tag="911" ind1="#" ind2="#">
   <subfield code="a">Đào Thị Thu Huyền</subfield>
  </datafield>
  <datafield tag="925" ind1="#" ind2="#">
   <subfield code="a">G</subfield>
  </datafield>
  <datafield tag="926" ind1="#" ind2="#">
   <subfield code="a">A</subfield>
  </datafield>
  <datafield tag="927" ind1="#" ind2="#">
   <subfield code="a">SH</subfield>
  </datafield>
  <datafield tag="980" ind1="#" ind2="#">
   <subfield code="a">Thư viện Trường Đại học Đà Lạt</subfield>
  </datafield>
 </record>
</collection>
